000 00315cam a2200145ua 4500
001 2577
008 131127n II |||gr||||Z||||||asm
040 _aMAIN
041 _aEnglish
082 _a891.451 DEK
100 _aDEKA , MAHES KUMAR.
245 _aSWAHID SURUROWANI
653 _aAsomiya Sahitya
942 _cBK
999 _c2571
_d2571